书目信息 |
| 题名: |
湿地学
|
|
| 作者: | 崔保山 , 杨志峰 编著 | |
| 分册: | ||
| 出版信息: | 北京 北京师范大学出版社 2006 |
|
| 页数: | 507页 | |
| 开本: | 23cm | |
| 丛书名: | ||
| 单 册: | ||
| 中图分类: | P931.7 | |
| 科图分类: | ||
| 主题词: | 沼泽化地--研究 , 沼泽化地 | |
| 电子资源: | ||
| ISBN: | 7-303-08081-3 | |
| 000 | 01207nam0 2200277 450 | |
| 001 | 003396714 | |
| 005 | 20091202091344.12 | |
| 010 | @a7-303-08081-3@dCNY55.00 | |
| 100 | @a20070402d2006 em y0chiy0110 ea | |
| 101 | 0 | @achi |
| 102 | @aCN@b110000 | |
| 105 | @aa z 000yy | |
| 106 | @ar | |
| 200 | 1 | @a湿地学@9shi di xue@dWetlands@f崔保山,杨志峰编著@zeng |
| 210 | @a北京@c北京师范大学出版社@d2006 | |
| 215 | @a507页@c图@d23cm | |
| 300 | @a新世纪高等学校教材 环境科学与工程专业主干课程系列教材 国家重点基础研究发展计划(973)项目“湿地系统生态需水动力机制及整体模拟”(No.2006CB403303) 国家自然科学基金重点项目“流域生态需水规律及时空配置研究(No.50239020) 教育部“新世纪优秀人才支持计划资助项目” | |
| 330 | @a本书从湿地学的基本概念出发,涉及与湿地密切相关的水文要素及生态过程,阐明湿地生物与湿地资源的基本特征,特别关注湿地健康、湿地需水、湿地评价、湿地恢复、湿地模型等热点问题,在此基础上提出了有效的湿地管理策略。 | |
| 510 | 1 | @aWetlands@zeng |
| 606 | 0 | @a沼泽化地@x研究 |
| 606 | 0 | @a沼泽化地 |
| 690 | @aP931.7@v4 | |
| 701 | 0 | @a崔保山@9cui bao shan@f(1967.11~)@4编著 |
| 701 | 0 | @a杨志峰@9yang zhi feng@c(教授)@4编著 |
| 801 | 0 | @aCN@bNLC@c20091202 |
| 905 | @b794478-83@dP931.7@e126@f6 | |
| 湿地学=Wetlands/崔保山,杨志峰编著.-北京:北京师范大学出版社,2006 |
| 507页:图;23cm |
| 新世纪高等学校教材 环境科学与工程专业主干课程系列教材 国家重点基础研究发展计划(973)项目“湿地系统生态需水动力机制及整体模拟”(No.2006CB403303) 国家自然科学基金重点项目“流域生态需水规律及时空配置研究(No.50239020) 教育部“新世纪优秀人才支持计划资助项目” |
| ISBN 7-303-08081-3:CNY55.00 |
| 本书从湿地学的基本概念出发,涉及与湿地密切相关的水文要素及生态过程,阐明湿地生物与湿地资源的基本特征,特别关注湿地健康、湿地需水、湿地评价、湿地恢复、湿地模型等热点问题,在此基础上提出了有效的湿地管理策略。 |
| ● |
| 相关链接 |
|
|
|
|
正题名:湿地学
索取号:P931.7/126
 
预约/预借
| 序号 | 登录号 | 条形码 | 馆藏地/架位号 | 状态 | 备注 |
| 1 | 794478 | 207944787 | 第二样本阅览室/ [索取号:P931.7/126] | 在馆 | |
| 2 | 794479 | 207944796 | 第三借阅区/ [索取号:P931.7/126] | 在馆 | |
| 3 | 794480 | 207944803 | 第三借阅区/ [索取号:P931.7/126] | 在馆 | |
| 4 | 794481 | 207944812 | 第三借阅区/ [索取号:P931.7/126] | 在馆 | |
| 5 | 794482 | 207944821 | 第三借阅区/ [索取号:P931.7/126] | 在馆 | |
| 6 | 794483 | 207944830 | 资源管理系资料室/ [索取号:P931.7/126] | 在馆 |